|
|
|
|
| LEADER |
02541nam a22004815i 4500 |
| 001 |
978-3-642-01075-0 |
| 003 |
DE-He213 |
| 005 |
20151204171446.0 |
| 007 |
cr nn 008mamaa |
| 008 |
110414s2010 gw | s |||| 0|eng d |
| 020 |
|
|
|a 9783642010750
|9 978-3-642-01075-0
|
| 024 |
7 |
|
|a 10.1007/978-3-642-01075-0
|2 doi
|
| 040 |
|
|
|d GrThAP
|
| 050 |
|
4 |
|a RS400-431
|
| 072 |
|
7 |
|a PSB
|2 bicssc
|
| 072 |
|
7 |
|a SCI013020
|2 bisacsh
|
| 082 |
0 |
4 |
|a 615.19
|2 23
|
| 245 |
1 |
0 |
|a Lead-Seeking Approaches
|h [electronic resource] /
|c edited by Matthew M. Hayward.
|
| 264 |
|
1 |
|a Berlin, Heidelberg :
|b Springer Berlin Heidelberg,
|c 2010.
|
| 300 |
|
|
|a XIII, 217 p. 36 illus., 10 illus. in color.
|b online resource.
|
| 336 |
|
|
|a text
|b txt
|2 rdacontent
|
| 337 |
|
|
|a computer
|b c
|2 rdamedia
|
| 338 |
|
|
|a online resource
|b cr
|2 rdacarrier
|
| 347 |
|
|
|a text file
|b PDF
|2 rda
|
| 490 |
1 |
|
|a Topics in Medicinal Chemistry,
|x 1862-2461 ;
|v 5
|
| 505 |
0 |
|
|a Hit Triage: Medicinal Chemistry Strategies to Improve the Odds of Success in Discovery -- Lead Identification -- Lead Discovery Using Virtual Screening -- Overview of Hit to Lead: The Medicinal Chemist's Role from HTS Retest to Lead Optimization Hand Off -- NMR Spectroscopy in Fragment Based Drug Design -- High Throughput Screening in the Twenty-First Century.
|
| 520 |
|
|
|a Christopher A. Lipinski: Overview of Hit to Lead: The Medicinal Chemist’s Role from HTS Retest to Lead Optimization Hand Off Jeff W. Paslay • John E. Morin • Richard K. Harrison: High Throughput Screening in the Twenty - First Century Jack Andrew Bikker • Lakshmi S.Narasimhan: Lead Discovery Using Virtual Screening Maurizio Pellecchia: NMR Spectroscopy in Fragment Based Drug Design Kevin D. Freeman-Cook • Daniel W. Kung: Hit Triage – Medicinal Chemistry Strategies to Improve the Odds of Success in Discovery John W. Ellingboe • Adam M. Gilbert: Lead Identification.
|
| 650 |
|
0 |
|a Chemistry.
|
| 650 |
|
0 |
|a Neurosciences.
|
| 650 |
|
0 |
|a Organic chemistry.
|
| 650 |
|
0 |
|a Medicinal chemistry.
|
| 650 |
1 |
4 |
|a Chemistry.
|
| 650 |
2 |
4 |
|a Medicinal Chemistry.
|
| 650 |
2 |
4 |
|a Neurosciences.
|
| 650 |
2 |
4 |
|a Organic Chemistry.
|
| 700 |
1 |
|
|a Hayward, Matthew M.
|e editor.
|
| 710 |
2 |
|
|a SpringerLink (Online service)
|
| 773 |
0 |
|
|t Springer eBooks
|
| 776 |
0 |
8 |
|i Printed edition:
|z 9783642010743
|
| 830 |
|
0 |
|a Topics in Medicinal Chemistry,
|x 1862-2461 ;
|v 5
|
| 856 |
4 |
0 |
|u http://dx.doi.org/10.1007/978-3-642-01075-0
|z Full Text via HEAL-Link
|
| 912 |
|
|
|a ZDB-2-CMS
|
| 950 |
|
|
|a Chemistry and Materials Science (Springer-11644)
|